000 00301nam a2200121Ia 4500
008 220204s9999 xx 000 0 und d
020 _a8176353167
082 _a681.31ASP
_bWAL
100 _aWalther, Stephen
245 0 _aActive server pages 2.0
260 _aNew Delhi
_bTechmedia
_c1999
942 _cBK
999 _c41990
_d41990